Países onde neva mais - Statistics

Estatísticas Gerais
  • Esse quiz foi jogado 119 vezes
  • A pontuação média é 8 de 10
Estatísticas das Respostas
Hint Resposta % Correto
1. Canadá
98%
8. Rússia
98%
5. Estados Unidos
96%
9. Noruega
90%
7. Suíça
80%
2. Japão
74%
4. Argentina
70%
3. Chile
70%
6. França
67%
10. Áustria
59%
Nenhum quiz correspondente encontrado
Distribuição das Pontuações
Porcentagem de Pessoas com Cada Pontuação
Percentil de Números Respondidos
Sua Pontuação Histórica
Você não jogou esse quiz